International instruments of human rights (Record no. 9778)
[ view plain ]
| 000 -LEADER | |
|---|---|
| fixed length control field | 00385nam a2200133Ia 4500 |
| 020 ## - INTERNATIONAL STANDARD BOOK NUMBER | |
| ISBN | 8171415954 |
| 082 ## - DEWEY DECIMAL CLASSIFICATION NUMBER | |
| Classification number | RR 323.03 INT- |
| 245 #0 - TITLE STATEMENT | |
| Title | International instruments of human rights |
| 260 ## - PUBLICATION, DISTRIBUTION, ETC. (IMPRINT) | |
| Place of publication | New Delhi |
| Name of publisher | Discovery Publishing House |
| Year of publication | 2001 |
| 440 ## - SERIES STATEMENT/ADDED ENTRY--TITLE | |
| Title | International encyclopaedia of human rights; 1 |
| 650 ## - SUBJECT ADDED ENTRY--TOPICAL TERM | |
| Topical Term | Human rights |
| 700 ## - ADDED ENTRY--PERSONAL NAME | |
| Personal name | Rao, Digumarti Bhaskara |
| 942 ## - ADDED ENTRY ELEMENTS (KOHA) | |
| Koha item type | Books |
| Source of classification or shelving scheme | Dewey Decimal Classification |
| Withdrawn status | Lost status | Damaged status | Not for loan | Collection code | Home library | Current library | Date acquired | Bill Date | Full call number | Accession Number | Price effective from | Koha item type |
|---|---|---|---|---|---|---|---|---|---|---|---|---|
| Docas Books | NASSDOC Library | NASSDOC Library | 05/09/2016 | 2004-10-22 | RR 323.03 INT- | D001408 | 18/04/2019 | Books |
